Five Richest Countries by Continent - One Minute Sprint - Statistics

General Stats
  • This quiz has been taken 56 times
  • The average score is 11 of 30
Answer Stats
continent GDP per capita country % Correct
North America $56,300 United States
83%
North America $45,900 Canada
80%
Oceania $65,400 Australia
78%
Oceania $36,400 New Zealand
67%
Europe $89,400 Liechtenstein
52%
Europe $102,900 Luxembourg
52%
Europe $78,700 Monaco
52%
Europe $59,300 Switzerland
52%
Asia $85,700 Singapore
50%
South America $22,400 Argentina
48%
South America $23,800 Chile
48%
Asia $145,000 Qatar
48%
Asia $67,000 United Arab Emirates
43%
South America $21,800 Uruguay
43%
Asia $72,200 Kuwait
35%
Europe $68,400 Norway
33%
Asia $79,700 Brunei
28%
Oceania $8800 Fiji
26%
Africa $27,000 Seychelles
22%
Africa $33,300 Equatorial Guinea
20%
North America $25,600 Bahamas
17%
Africa $19,500 Mauritius
15%
Africa $21,700 Gabon
13%
Africa $17,700 Botswana
11%
South America $16,100 Venezuela
11%
Oceania $14,800 Nauru
9%
Oceania $14,800 Palau
7%
South America $16,700 Suriname
7%
North America $32,800 Trinidad and Tobago
7%
North America $23,700 Antigua and Barbuda
0%
No matching quizzes found
Score Distribution
Percent of People with Each Score
Percentile by Number Answered
Your Score History
You have not taken this quiz